Nouvel itin’evaire grammatical
সংরক্ষণ করুন:
| বিন্যাস: | গ্রন্থ |
|---|---|
| প্রকাশিত: |
1990
|
| ট্যাগগুলো: |
ট্যাগ যুক্ত করুন
কোনো ট্যাগ নেই, প্রথমজন হিসাবে ট্যাগ করুন!
|
| Thư viện lưu trữ: | Mạng thư viện Đại học Đà Nẵng |
|---|
| LEADER | 00440nam a22001811a 4500 | ||
|---|---|---|---|
| 001 | 000036552 | ||
| 003 | 12847 | ||
| 005 | 20160408151552.0 | ||
| 008 | 160408s1990 000 | ||
| 082 | |a 4P(07) 316 | ||
| 245 | |a Nouvel itin’evaire grammatical |c H. Mittenand | ||
| 260 | |c 1990 | ||
| OWN | |a LNN | ||
| 999 | |a From the UDN01 | ||
| TYP | |a Monograph | ||
| 980 | |a Mạng thư viện Đại học Đà Nẵng | ||